000 00328nam a2200145Ia 4500
008 230718s9999 xx 000 0 und d
041 _aEng.
082 _a346.03
_bMCB-T
100 _aMcBridge Nicholas
245 0 _aTort Law
260 _aPakistan
_bPearson publishers
_c2003
300 _a707
650 _aLaw
999 _c29768
_d29768